Deutsche Fußballer bei Manchester City - Statistiken

Allgemein
  • Dieses Quiz wurde 237 mal gespielt
  • Das Durchschnittsergebnis liegt bei 4 aus 14
Antwortstatistiken
Zeitraum Spiele (Tore) Spieler % Korrekt
2016-2023 304 (60) İlkay Gündoğan
96%
2016-2020 135 (39) Leroy Sané
82%
2022- 17 (0) Stefan Ortega
72%
2010-2011 24 (0) Jérôme Boateng
35%
2006-2009 71 (1) Dietmar Hamann
33%
1949-1964 214 (0) Bert Trautmann
31%
1994-1998 160 (60) Uwe Rösler
15%
2018-2020 3 (0) Felix Nmecha
13%
2019-2020 3 (0) Lukas Nmecha
13%
1995-1997 46 (0) Eike Immel
3%
2003-2004 41 (4) Michael Tarnat
3%
1995 23 (4) Maurizio Gaudino
2%
1996-1997 24 (0) Michael Frontzeck
2%
1994 6 (1) Steffen Karl
0%
Keine übereinstimmenden Quizze gefunden
Verteilung der Resultate
Anzahl Personen mit jedem Resultat
Perzentil nach korrekt beantworteten Fragen
Ihre Resultats-Entwicklung
Sie haben dieses Quiz noch nicht gespielt